[Event "29th Czech Open A 2018"]
[Site "Pardubice CZE"]
[Date "2018.07.25"]
[Round "6.103"]
[White "Stein, Robert"]
[Black "Thrish, Karthik"]
[Result "1-0"]
[WhiteElo "2253"]
[BlackElo "2145"]
[WhiteFideId "12921084"]
[BlackFideId "46626433"]
[EventDate "2018.07.20"]

1. d4 Nf6 2. c4 c6 3. Nf3 d5 4. e3 a6 5. a4 g6 6. a5 Bg7 7. Nc3 O-O 8. Qb3 Ra7
9. Bd3 Bg4 10. Ne5 Nbd7 11. Nxg4 Nxg4 12. cxd5 cxd5 13. Nxd5 e5 14. Be2 Qh4 15.
g3 Qh3 16. Bf1 Qh5 17. h3 Nxe3 18. Bxe3 exd4 19. Be2 Qe5 20. Bf4 Qe6 21. Kf1 Ne5
22. Bxe5 Qxe5 23. Nb6 Re8 24. Bf3 d3 25. Qxd3 Qxb2 26. Rd1 Qc3 27. Qd7 Rf8 28.
Qd5 Qb4 29. Kg2 Bc3 30. Nc4 Rc8 31. Nd6 Rf8 32. Nxb7 Rb8 33. Rb1 Qe7 34. Rhd1
Bb4 35. Nc5 Rb5 36. Qd8+ Qxd8 37. Rxd8+ Kg7 38. Nxa6 Bxa5 39. Rxb5 Bxd8 40. Bb7
h5 41. f4 Bf6 42. Kf3 Bd4 43. Ke4 Bf2 44. g4 hxg4 45. hxg4 Bg1 46. Kf3 Bd4 47.
Ke4 Bg1 48. f5 Kf6 49. fxg6 Kxg6 50. Kf3 Bd4 51. Be4+ Kg7 52. Nb4 Ra1 53. Nc6
Rf1+ 54. Ke2 Rf4 55. Bf3 Bf6 56. Rb7 Rc4 57. Ne7 Rc5 58. Be4 Be5 59. Ng6 Bc7 60.
Nh4 Kf6 61. Nf3 Bf4 62. Kd3 Ra5 63. Kc4 Ra4+ 64. Rb4 Rxb4+ 65. Kxb4 Ke6 66. Kc5
Be3+ 67. Kc6 f6 68. Bf5+ Ke7 69. Kd5 Bc1 70. Ke4 Bb2 71. Bc8 Ba1 72. Kf5 Kf7 73.
Ba6 Bc3 74. Bc4+ Kg7 75. Nh4 Ba1 76. Ng6 Bb2 77. Nf4 Kf8 78. Kg6 Ba1 79. Nd5 Kg8
80. Nxf6+ Kh8 81. Kf7 Bb2 82. g5 Ba1 83. Be2 Bc3 84. g6 1-0

[Event "29th Czech Open A 2018"]
[Site "Pardubice CZE"]
[Date "2018.07.25"]
[Round "6.104"]
[White "Gan-Erdene, Sugar"]
[Black "Horacek, Michal"]
[Result "1/2-1/2"]
[WhiteElo "2247"]
[BlackElo "2131"]
[WhiteFideId "4902980"]
[BlackFideId "332526"]
[EventDate "2018.07.20"]

1. e4 d6 2. d4 Nd7 3. Nf3 e5 4. Nc3 Ngf6 5. Bc4 Be7 6. O-O O-O 7. h3 c6 8. a4 a5
9. Re1 exd4 10. Nxd4 Nb6 11. Ba2 d5 12. exd5 Nfxd5 13. Nxd5 Nxd5 14. Bxd5 cxd5
15. c3 Bf6 16. Bf4 Qb6 17. Nb5 Be6 18. Qf3 Rac8 19. Qg3 Bd7 20. Bc7 Qa6 21. Bd6
Rfd8 22. Nc7 Qc4 23. Qf4 Qxf4 24. Bxf4 Bc6 25. Nb5 d4 26. cxd4 Bxd4 27. Nd6 Ra8
28. Nc4 Bd5 29. Rac1 Bxc4 30. Rxc4 Bxb2 31. Rb1 Rd4 32. Rxd4 Bxd4 33. Rxb7 Bc3
34. Bd6 h6 35. Rb5 Rc8 36. Bc5 Kh7 37. Bb6 Rc4 38. Bxa5 Bd4 39. Bb6 1/2-1/2

[Event "29th Czech Open A 2018"]
[Site "Pardubice CZE"]
[Date "2018.07.25"]
[Round "6.105"]
[White "Bharath, Subramaniyam H"]
[Black "Polak, Benedikt"]
[Result "1-0"]
[WhiteTitle "CM"]
[WhiteElo "2231"]
[BlackElo "2126"]
[WhiteFideId "46634827"]
[BlackFideId "317012"]
[EventDate "2018.07.20"]

1. e4 c5 2. Nc3 e6 3. f4 d5 4. Nf3 dxe4 5. Nxe4 Nc6 6. Bb5 Bd7 7. O-O Nf6 8.
Nxf6+ gxf6 9. b3 Nd4 10. Nxd4 cxd4 11. Bd3 f5 12. Bb2 Bc6 13. Qe2 Rg8 14. Rf2
Bc5 15. Re1 Qd5 16. a3 a5 17. b4 axb4 18. axb4 Bxb4 19. Bc4 Qd6 20. Qh5 Bd5 21.
Bb5+ Bc6 22. Bxc6+ bxc6 23. Qxh7 Rf8 24. Qh3 Bc5 25. d3 Ra2 26. Bc1 Ra1 27. Rfe2
Qd5 28. Re5 Qa2 29. Qf3 Bd6 30. Qxc6+ Ke7 31. Rxf5 Rb8 32. Rd5 Bxf4 33. Rd7+ Kf8
34. Qc5+ Kg8 35. Bxf4 Rxe1+ 36. Kf2 e5 37. Kxe1 exf4 38. Rxd4 Rb1+ 39. Kf2 Qa1
40. Rd8+ Kg7 41. Qg5+ Kh7 42. Qh5+ Kg7 43. Qh8+ Kg6 44. Qxa1 Rxa1 45. c4 Rc1 46.
Kf3 Kg5 47. h4+ Kxh4 48. Kxf4 Rf1+ 49. Ke5 Kg3 50. Rg8+ Kf2 51. c5 1-0

[Event "29th Czech Open A 2018"]
[Site "Pardubice CZE"]
[Date "2018.07.25"]
[Round "6.106"]
[White "Lorscheid, Gerhard"]
[Black "Chekletsov, Egor"]
[Result "0-1"]
[WhiteTitle "FM"]
[WhiteElo "2229"]
[BlackElo "2123"]
[WhiteFideId "4606000"]
[BlackFideId "24175315"]
[EventDate "2018.07.20"]

1. d4 Nf6 2. c4 c5 3. d5 g6 4. Nc3 Bg7 5. e4 d6 6. Nge2 O-O 7. Ng3 e6 8. Be2
exd5 9. cxd5 a6 10. a4 Re8 11. O-O b6 12. f4 Nbd7 13. h3 Bb7 14. Bc4 h5 15. e5
dxe5 16. f5 b5 17. axb5 axb5 18. Rxa8 Bxa8 19. Bxb5 Rf8 20. Bg5 Qb8 21. Qc2 e4
22. Bf4 Qb7 23. fxg6 fxg6 24. Bc4 Nb6 25. b3 Kh8 26. Bd6 Rd8 27. Bxc5 Nbxd5 28.
Nxd5 Nxd5 29. Nxe4 Nb4 30. Bxb4 Qxb4 31. Ng5 Qc5+ 0-1

[Event "29th Czech Open A 2018"]
[Site "Pardubice CZE"]
[Date "2018.07.25"]
[Round "6.107"]
[White "Olson, Hamish"]
[Black "Blodig, Constantin"]
[Result "1-0"]
[WhiteElo "2229"]
[BlackElo "2107"]
[WhiteFideId "2404257"]
[BlackFideId "24696790"]
[EventDate "2018.07.20"]

1. d4 f5 2. g3 Nf6 3. Bg2 e6 4. Nf3 Be7 5. O-O O-O 6. b3 d6 7. Bb2 a5 8. a3 Qe8
9. Nbd2 Nbd7 10. Ne1 e5 11. dxe5 dxe5 12. e4 fxe4 13. Nxe4 Nxe4 14. Qd5+ Kh8 15.
Qxe4 Bd6 16. Nf3 Nc5 17. Qe2 Qh5 18. Qe3 Bh3 19. Qg5 Qxg5 20. Nxg5 Bxg2 21. Kxg2
h6 22. Nf3 Rae8 23. Nd2 b5 24. a4 bxa4 25. bxa4 Ne6 26. Nb3 Nd4 27. Bxd4 exd4
28. Rad1 c5 29. Nxa5 Re2 30. Nc4 Bc7 31. Rd2 Rxd2 32. Nxd2 Rb8 33. Rb1 Ra8 34.
Ra1 Rb8 35. Ra2 Rb4 36. a5 Bb8 37. Kf3 c4 38. Ke4 Ba7 39. Kd5 c3 40. Nc4 Kg8 41.
Ra1 Rb5+ 42. Ke4 Kf8 43. Ne5 d3 44. Nxd3 Ke7 45. f4 g5 46. Ra3 gxf4 47. gxf4 Kf6
48. Rxc3 Rxa5 49. Rc6+ Kg7 50. Ne5 Bb8 51. Kf5 h5 52. Rb6 Bc7 53. Rc6 Bd8 54.
Rg6+ Kh7 55. Rd6 Bh4 56. c4 Bf2 57. Kg5 Be3 58. Kf6 Ra7 59. Rd7+ Rxd7 60. Nxd7
Bxf4 61. h3 Kh6 62. c5 Bg5+ 63. Kf5 Bd8 64. Nf8 Be7 65. c6 1-0

[Event "29th Czech Open A 2018"]
[Site "Pardubice CZE"]
[Date "2018.07.25"]
[Round "6.108"]
[White "Bracker, Arne"]
[Black "Vystrcil, Martin"]
[Result "1-0"]
[WhiteElo "2224"]
[BlackElo "2086"]
[WhiteFideId "24618160"]
[BlackFideId "364363"]
[EventDate "2018.07.20"]

1. e4 Nf6 2. e5 Nd5 3. d4 d6 4. Nf3 dxe5 5. Nxe5 c6 6. Nf3 g6 7. c4 Nc7 8. h3
Bg7 9. Nc3 c5 10. d5 O-O 11. Be3 b6 12. Qd2 e6 13. d6 Ne8 14. O-O-O Bb7 15. Be2
Qd7 16. h4 h5 17. Bh6 Nc6 18. Bxg7 Kxg7 19. g4 Nf6 20. gxh5 Nxh5 21. Rhg1 Nf6
22. Rg5 Rh8 23. Qf4 Rh6 24. Bd3 Nh5 25. Qe3 Nf6 26. Be4 Nxe4 27. Nxe4 f6 28.
Rxc5 bxc5 29. Nxc5 Qf7 30. Nxe6+ Kg8 31. Qxh6 Qxe6 32. Qxg6+ Kf8 33. Qh6+ Ke8
34. Re1 1-0

[Event "29th Czech Open A 2018"]
[Site "Pardubice CZE"]
[Date "2018.07.25"]
[Round "6.109"]
[White "Peters, Tom"]
[Black "Muhseen, Abdullah Mohammed"]
[Result "0-1"]
[BlackTitle "CM"]
[WhiteElo "2130"]
[BlackElo "2222"]
[WhiteFideId "24694444"]
[BlackFideId "4801695"]
[EventDate "2018.07.20"]

1. e4 c6 2. Nc3 d5 3. Nf3 g6 4. exd5 cxd5 5. d4 Nf6 6. Bd3 Bg7 7. O-O O-O 8. Ne5
Nc6 9. Nxc6 bxc6 10. Na4 Qd6 11. h3 Nd7 12. Be3 a5 13. c3 Ba6 14. Bxa6 Rxa6 15.
Qe2 Raa8 16. a3 Rfe8 17. b4 e5 18. Qc2 exd4 19. cxd4 axb4 20. axb4 Rab8 21. Rfb1
f5 22. Nc5 Rb5 23. Ra7 Nf8 24. Qd2 Qb8 25. Rba1 Rxb4 26. Bh6 Rb1+ 27. Rxb1 Qxb1+
28. Kh2 Qb8+ 0-1

[Event "29th Czech Open A 2018"]
[Site "Pardubice CZE"]
[Date "2018.07.25"]
[Round "6.110"]
[White "Balasubramaniam, H"]
[Black "Mitra, Roman C"]
[Result "1-0"]
[WhiteElo "2219"]
[BlackElo "2104"]
[WhiteFideId "35053248"]
[BlackFideId "419540"]
[EventDate "2018.07.20"]

1. e4 c5 2. Nc3 Nc6 3. Bb5 Nd4 4. Bc4 e6 5. Nf3 Ne7 6. O-O Nec6 7. Nxd4 cxd4 8.
Ne2 Be7 9. d3 O-O 10. Bb3 f5 11. f4 Kh8 12. exf5 Rxf5 13. Ng3 Rf8 14. Bd2 d5 15.
Qf3 g6 16. Ne2 a5 17. a4 Bf6 18. Kh1 Bd7 19. Ng1 Ra6 20. Qe2 e5 21. fxe5 1-0

[Event "29th Czech Open A 2018"]
[Site "Pardubice CZE"]
[Date "2018.07.26"]
[Round "7.1"]
[White "Mozharov, Mikhail"]
[Black "Movsesian, Sergei"]
[Result "1/2-1/2"]
[WhiteTitle "GM"]
[BlackTitle "GM"]
[WhiteElo "2542"]
[BlackElo "2635"]
[WhiteFideId "4189825"]
[BlackFideId "310204"]
[EventDate "2018.07.20"]

1. e4 c5 2. Nf3 e6 3. d4 cxd4 4. Nxd4 Nc6 5. Nc3 a6 6. Bf4 d6 7. Nxc6 bxc6 8.
Be2 Be7 9. Bg3 d5 10. O-O Nf6 11. e5 Nd7 12. Na4 Nb6 13. c4 O-O 14. Nc3 Bb7 1/2-1/2

[Event "29th Czech Open A 2018"]
[Site "Pardubice CZE"]
[Date "2018.07.26"]
[Round "7.2"]
[White "Deepan, Chakkravarthy J."]
[Black "Sengupta, Deep"]
[Result "1-0"]
[WhiteTitle "GM"]
[BlackTitle "GM"]
[WhiteElo "2519"]
[BlackElo "2565"]
[WhiteFideId "5011132"]
[BlackFideId "5008352"]
[EventDate "2018.07.20"]

1. Nf3 Nf6 2. g3 d5 3. Bg2 c6 4. c4 dxc4 5. O-O Nbd7 6. Na3 Nb6 7. Ne5 Be6 8.
Qc2 h5 9. h4 g6 10. Naxc4 Nxc4 11. Nxc4 Bg7 12. b3 Bd5 13. Bb2 Bxg2 14. Kxg2 O-O
15. d4 Rc8 16. Rad1 Qc7 17. e4 b5 18. Ne3 c5 19. dxc5 Qxc5 20. Qxc5 Rxc5 21. Ba3
Re5 22. f3 Bh6 23. Kf2 a5 24. Rc1 Ra8 25. Rfd1 Re6 26. Bb2 Bg7 27. e5 Ne8 28.
Rc5 a4 29. b4 Rb6 30. Rd7 e6 31. a3 f6 32. f4 fxe5 33. fxe5 Rab8 34. Ke2 Bh6 35.
Bd4 R6b7 36. Rxb7 Rxb7 37. Nd1 Rd7 38. Be3 Bxe3 39. Nxe3 Nc7 40. Nd1 g5 41. hxg5
Kg7 42. Nc3 Kg6 43. Ne4 Rg7 44. Kf3 Rf7+ 45. Ke3 Nd5+ 46. Kd4 Rd7 47. Nd6 Nc7
48. Rc3 Kxg5 49. Kc5 Kg4 50. Kc6 Rg7 51. Nxb5 Nd5 52. Rd3 Kf5 53. Kd6 Ke4 54.
Rd4+ Ke3 55. Rh4 Rxg3 56. Rxh5 Nf4 57. Rh1 Rg8 58. Rc1 Rd8+ 59. Ke7 Rb8 60. Nd6
Nd3 61. Rc4 Nxb4 62. axb4 a3 63. Rc3+ Kd4 64. Rxa3 Kxe5 65. b5 Rg8 66. Rd3 Rg7+
67. Nf7+ Ke4 68. Rd1 e5 69. b6 1-0

[Event "29th Czech Open A 2018"]
[Site "Pardubice CZE"]
[Date "2018.07.26"]
[Round "7.3"]
[White "Steinberg, Nitzan"]
[Black "Jarmula, Lukasz"]
[Result "1/2-1/2"]
[WhiteTitle "GM"]
[BlackTitle "IM"]
[WhiteElo "2521"]
[BlackElo "2512"]
[WhiteFideId "2801795"]
[BlackFideId "1160664"]
[EventDate "2018.07.20"]

1. e4 e6 2. d4 d5 3. exd5 exd5 4. Nf3 Nf6 5. Bd3 Bd6 6. O-O O-O 7. h3 Nbd7 8.
Re1 Re8 9. Nc3 c6 10. Rxe8+ Qxe8 11. Ne2 Ne4 12. Bf4 Ndf6 13. Qc1 Bf5 14. Ne5
Bb8 15. g4 Bg6 16. f3 Nc5 17. Bxg6 hxg6 18. Qe3 1/2-1/2

[Event "29th Czech Open A 2018"]
[Site "Pardubice CZE"]
[Date "2018.07.26"]
[Round "7.4"]
[White "Stany, G.A."]
[Black "Noe, Christopher"]
[Result "1/2-1/2"]
[WhiteTitle "IM"]
[BlackTitle "IM"]
[WhiteElo "2483"]
[BlackElo "2520"]
[WhiteFideId "5029104"]
[BlackFideId "24692018"]
[EventDate "2018.07.20"]

1. e4 e5 2. Nf3 Nc6 3. Bb5 a6 4. Ba4 Nge7 5. O-O g6 6. c3 Bg7 7. d4 exd4 8. cxd4
b5 9. Bc2 O-O 10. d5 Na5 11. Bd2 c5 12. Bc3 d6 13. Bxg7 Kxg7 14. b4 Nc4 15. Nbd2
Na3 16. Bd3 cxb4 17. Qb3 a5 18. Qb2+ f6 19. Rac1 Bd7 20. Nb3 Qb6 21. Nbd4 h6 22.
Qd2 Rac8 23. Qe3 Qb8 24. Nb3 Rxc1 25. Rxc1 a4 26. Na5 Rc8 27. Rxc8 Nxc8 28. Nc6
Bxc6 1/2-1/2

[Event "29th Czech Open A 2018"]
[Site "Pardubice CZE"]
[Date "2018.07.26"]
[Round "7.5"]
[White "Stocek, Jiri"]
[Black "Harsha, Bharathakoti"]
[Result "1-0"]
[WhiteTitle "GM"]
[BlackTitle "IM"]
[WhiteElo "2586"]
[BlackElo "2465"]
[WhiteFideId "304760"]
[BlackFideId "5078776"]
[EventDate "2018.07.20"]

1. d4 d5 2. c4 e6 3. Nf3 Nf6 4. Bg5 Nbd7 5. e3 Be7 6. Nc3 O-O 7. Rc1 c5 8. cxd5
Nxd5 9. Bxe7 Nxe7 10. Bb5 cxd4 11. Qxd4 a6 12. Be2 Nf6 13. Qb4 Nc6 14. Qc5 Bd7
15. O-O b6 16. Qd6 Qb8 17. Ne4 Qxd6 18. Nxd6 h6 19. Rfd1 Ra7 20. Nc4 Rb8 21.
Nce5 Nxe5 22. Nxe5 Kf8 23. Bxa6 Rxa6 24. Rxd7 Ra5 25. Rxf7+ Kg8 26. Rxf6 1-0

[Event "29th Czech Open A 2018"]
[Site "Pardubice CZE"]
[Date "2018.07.26"]
[Round "7.6"]
[White "Neverov, Valeriy"]
[Black "Van Foreest, Jorden"]
[Result "1-0"]
[WhiteTitle "GM"]
[BlackTitle "GM"]
[WhiteElo "2473"]
[BlackElo "2640"]
[WhiteFideId "14100150"]
[BlackFideId "1039784"]
[EventDate "2018.07.20"]

1. d4 d6 2. e4 Nf6 3. f3 e6 4. Be3 Be7 5. Bd3 c5 6. c3 Qb6 7. Qd2 Nc6 8. dxc5
dxc5 9. Qc2 O-O 10. Nd2 Bd7 11. Nh3 Ne5 12. Be2 Bb5 13. Bxb5 Qxb5 14. Nf2 c4 15.
a4 Qc6 16. Bd4 Ng6 17. O-O Rfd8 18. Rfd1 h5 19. a5 Qb5 20. Qa4 Qg5 21. Nh3 Qh6
22. Nxc4 Nh7 23. Be3 Ng5 24. Kf1 e5 25. Rxd8+ Rxd8 26. Rd1 Rc8 27. Nd6 Bxd6 28.
Bxg5 1-0

[Event "29th Czech Open A 2018"]
[Site "Pardubice CZE"]
[Date "2018.07.26"]
[Round "7.7"]
[White "Malinovsky, Karel"]
[Black "Paravyan, David"]
[Result "0-1"]
[WhiteTitle "IM"]
[BlackTitle "GM"]
[WhiteElo "2472"]
[BlackElo "2638"]
[WhiteFideId "313874"]
[BlackFideId "4194985"]
[EventDate "2018.07.20"]

1. e4 c5 2. Nf3 d6 3. d4 cxd4 4. Nxd4 Nf6 5. Nc3 a6 6. h3 e6 7. g4 h6 8. Bg2 Be7
9. Qe2 Nc6 10. Be3 Nxd4 11. Bxd4 e5 12. Be3 b5 13. f4 b4 14. Nd5 Nxd5 15. exd5
Bf6 16. O-O-O O-O 17. Kb1 exf4 18. Bc1 Be5 19. h4 Qc7 20. g5 h5 21. Be4 Bg4 22.
Bf3 Rac8 23. Rd2 Bf5 24. Be4 Bxe4 25. Qxe4 Qc4 26. Qf3 g6 27. Rf2 f6 28. gxf6
Rxf6 29. Rd1 a5 30. Rd3 a4 31. Qh3 Rc7 32. Qf3 Kf7 33. Re2 Rf5 34. Qf2 Rb7 35.
Qf3 Rc7 36. Qf2 Bf6 37. Qf3 Bxh4 38. b3 axb3 39. axb3 Qc5 40. Rd1 Bf6 0-1

[Event "29th Czech Open A 2018"]
[Site "Pardubice CZE"]
[Date "2018.07.26"]
[Round "7.8"]
[White "Vorobiov, Evgeny E."]
[Black "Nasanjargal, Urtnasan"]
[Result "0-1"]
[WhiteTitle "GM"]
[BlackTitle "FM"]
[WhiteElo "2564"]
[BlackElo "2454"]
[WhiteFideId "4121341"]
[BlackFideId "4900774"]
[EventDate "2018.07.20"]

1. d4 Nf6 2. c4 c5 3. d5 e6 4. Nc3 exd5 5. cxd5 d6 6. e4 g6 7. h3 Bg7 8. Nf3 O-O
9. Bd3 a6 10. a4 Nbd7 11. O-O Nh5 12. Bg5 Bf6 13. Be3 Re8 14. Re1 Ne5 15. Be2
Nxf3+ 16. Bxf3 Ng7 17. Qd2 Rb8 18. Rab1 Qa5 19. Bf4 Be5 20. Bxe5 Rxe5 21. Bd1
Bd7 22. f4 Re7 23. Bf3 Rbe8 24. Rbd1 f6 25. g4 Qb4 26. Ra1 f5 27. e5 Qd4+ 28.
Qxd4 cxd4 29. Ne2 dxe5 30. d6 Re6 31. Bd5 d3 32. Nc3 e4 33. Nxe4 fxe4 34. Rxe4
Bc6 35. d7 Bxd7 36. f5 gxf5 37. gxf5 Nxf5 38. Rf1 Kh8 39. Bxe6 Rxe6 40. Ref4 d2
41. Kf2 Ne3 42. Rg1 Re8 0-1

[Event "29th Czech Open A 2018"]
[Site "Pardubice CZE"]
[Date "2018.07.26"]
[Round "7.9"]
[White "Kozak, Adam"]
[Black "Zakhartsov, Viacheslav V."]
[Result "1/2-1/2"]
[WhiteTitle "IM"]
[BlackTitle "GM"]
[WhiteElo "2446"]
[BlackElo "2539"]
[WhiteFideId "753246"]
[BlackFideId "4115333"]
[EventDate "2018.07.20"]

1. Nf3 Nf6 2. g3 d5 3. Bg2 c6 4. O-O Bf5 5. c4 e6 6. d3 dxc4 7. dxc4 Qxd1 8.
Rxd1 Nbd7 9. b3 h6 10. Nc3 Bb4 11. Bb2 Bc2 12. Rd2 Bh7 13. Rdd1 Bc2 14. Rd2 Bh7
15. Rdd1 1/2-1/2

[Event "29th Czech Open A 2018"]
[Site "Pardubice CZE"]
[Date "2018.07.26"]
[Round "7.10"]
[White "Drozdowski, Kacper"]
[Black "Debashis, Das"]
[Result "1/2-1/2"]
[WhiteTitle "IM"]
[BlackTitle "GM"]
[WhiteElo "2455"]
[BlackElo "2529"]
[WhiteFideId "1136720"]
[BlackFideId "5024854"]
[EventDate "2018.07.20"]

1. c4 Nf6 2. Nc3 e6 3. e4 d5 4. e5 d4 5. exf6 dxc3 6. bxc3 Qxf6 7. Nf3 b6 8. d4
Bb7 9. Be2 Bd6 10. O-O O-O 11. Bg5 Qg6 12. Qd2 h6 13. Bh4 Nd7 14. Bg3 f5 15. Nh4
Qf6 16. f4 Qf7 17. Nf3 Nf6 18. Qe3 Ne4 19. Nd2 Nxd2 1/2-1/2

[Event "29th Czech Open A 2018"]
[Site "Pardubice CZE"]
[Date "2018.07.26"]
[Round "7.11"]
[White "Das, Arghyadip"]
[Black "Shyam, Sundar M."]
[Result "1/2-1/2"]
[WhiteTitle "IM"]
[BlackTitle "GM"]
[WhiteElo "2436"]
[BlackElo "2527"]
[WhiteFideId "5003610"]
[BlackFideId "5019141"]
[EventDate "2018.07.20"]

1. e4 c5 2. Nf3 e6 3. d4 cxd4 4. Nxd4 Nc6 5. Nc3 Qc7 6. Be3 a6 7. Qf3 d6 8.
O-O-O Bd7 9. Qg3 Rc8 10. Kb1 Nf6 11. f3 Nxd4 12. Bxd4 b5 13. Bd3 b4 14. Ne2 e5
15. Be3 Be6 16. Rhe1 Be7 17. h4 Bc4 18. Bxc4 Qxc4 19. Rd2 a5 20. Red1 a4 21. Bg5
h6 22. Be3 g6 23. Qf2 Nd7 24. c3 Nb8 25. Rc1 b3 26. a3 Nc6 27. Rcd1 Qa6 28. Bb6
O-O 29. g4 Kg7 30. h5 Qc4 31. Ng3 Qe6 32. Rh1 Bg5 33. Rd3 Nb8 34. Be3 Qf6 35.
Qd2 Rc6 36. Bxg5 1/2-1/2

[Event "29th Czech Open A 2018"]
[Site "Pardubice CZE"]
[Date "2018.07.26"]
[Round "7.12"]
[White "Kobo, Ori"]
[Black "Braeuer, Franz"]
[Result "1-0"]
[WhiteTitle "GM"]
[BlackTitle "IM"]
[WhiteElo "2508"]
[BlackElo "2426"]
[WhiteFideId "2812320"]
[BlackFideId "24634468"]
[EventDate "2018.07.20"]

1. Nf3 d5 2. g3 Nd7 3. d4 Ngf6 4. Bg2 e6 5. O-O b5 6. a4 b4 7. c4 bxc3 8. Nxc3
Ba6 9. Bf4 c5 10. Nb5 Bxb5 11. axb5 Qb6 12. Qa4 Be7 13. dxc5 Nxc5 14. Qa5 Qxa5
15. Rxa5 Bd8 16. Ra3 Bb6 17. Ne5 Nce4 18. Nc6 Kd7 19. e3 Nd6 20. Ne5+ Ke7 21.
Nc6+ Kd7 22. Bxd6 Kxd6 23. Rfa1 Rhc8 24. Ra6 Nd7 25. b4 Rc7 26. e4 Rb7 27. R6a2
Bc7 28. Rd1 Nb6 29. Na5 Rbb8 30. Rad2 Rc8 31. exd5 Nxd5 32. Bxd5 exd5 33. Nc6
Ke6 34. Re1+ Kf6 35. Ne7 Bb6 36. Rxd5 1-0

[Event "29th Czech Open A 2018"]
[Site "Pardubice CZE"]
[Date "2018.07.26"]
[Round "7.13"]
[White "Christiansen, Johan-Sebastian"]
[Black "Bryzgalin, Kirill"]
[Result "1-0"]
[WhiteTitle "IM"]
[BlackTitle "GM"]
[WhiteElo "2506"]
[BlackElo "2424"]
[WhiteFideId "1512668"]
[BlackFideId "4133285"]
[EventDate "2018.07.20"]

1. e4 e5 2. Nf3 Nc6 3. Bc4 Be7 4. d4 exd4 5. Nxd4 d6 6. Nxc6 bxc6 7. e5 dxe5 8.
Qh5 g6 9. Qxe5 Nf6 10. Bh6 Qd6 11. Qe2 Be6 12. Bxe6 Qxe6 13. Qxe6 fxe6 14. Nd2
O-O-O 15. Nc4 Rhg8 16. Bg5 Rd4 17. Ne3 Nd5 18. Bxe7 Nxe7 19. c3 Re4 20. O-O Nf5
21. Nc2 Re2 22. Rac1 Rd8 23. Rfe1 Rxe1+ 24. Nxe1 Rd2 25. Rc2 Rd1 26. Kf1 Kd7 27.
Ke2 Ra1 28. b3 e5 29. Nd3 Kd6 30. Rd2 e4 31. Nc1+ Kc5 32. Kd1 e3 33. Re2 exf2
34. Rxf2 Ne3+ 35. Kd2 Kb6 36. Re2 Nd5 37. Re1 1-0

[Event "29th Czech Open A 2018"]
[Site "Pardubice CZE"]
[Date "2018.07.26"]
[Round "7.14"]
[White "Piscopo, Pierluigi"]
[Black "Schlosser, Philipp"]
[Result "1/2-1/2"]
[WhiteTitle "IM"]
[BlackTitle "GM"]
[WhiteElo "2389"]
[BlackElo "2501"]
[WhiteFideId "809152"]
[BlackFideId "4600169"]
[EventDate "2018.07.20"]

1. e4 e5 2. Bc4 Nc6 3. Nc3 Nf6 4. d3 Na5 5. Nge2 Be7 6. O-O Nxc4 7. dxc4 d6 8.
a4 O-O 9. Ng3 c6 10. b3 Be6 11. Bb2 Re8 12. Qf3 Bf8 13. h3 Qa5 14. Rad1 Rad8 15.
Nf5 d5 16. cxd5 Bxf5 17. Qxf5 cxd5 18. exd5 Nxd5 19. Ne4 Qc7 20. Ng5 Nf6 21. Ne4
Nxe4 22. Qxe4 f6 23. Rd5 Qc6 24. Rfd1 Rd7 25. c4 Red8 26. g4 Rxd5 27. Rxd5 Rxd5
28. cxd5 Qd7 1/2-1/2

[Event "29th Czech Open A 2018"]
[Site "Pardubice CZE"]
[Date "2018.07.26"]
[Round "7.15"]
[White "Rakesh, Kumar Jena"]
[Black "Potapov, Pavel"]
[Result "0-1"]
[WhiteTitle "IM"]
[BlackTitle "GM"]
[WhiteElo "2385"]
[BlackElo "2500"]
[WhiteFideId "5084822"]
[BlackFideId "4169786"]
[EventDate "2018.07.20"]

1. e4 c5 2. Nf3 Nc6 3. Bb5 g6 4. Bxc6 bxc6 5. O-O Bg7 6. Re1 f6 7. c3 Nh6 8. d4
cxd4 9. cxd4 d6 10. Nc3 Nf7 11. b3 O-O 12. Bb2 e5 13. Rc1 Bg4 14. d5 c5 15. h3
Bd7 16. Nd2 f5 17. exf5 gxf5 18. Qh5 Nh8 19. Nc4 Be8 20. Qd1 Ng6 21. Ne2 f4 22.
Nc3 f3 23. g3 Qg5 24. Ne4 Qh5 25. Rc3 Bd7 26. Ncd2 Bxh3 27. Rxf3 Bg4 28. Rxf8+
Rxf8 29. Qc2 Bh6 30. Nf1 Nf4 31. gxf4 Bf3 32. Neg3 Qh3 33. Ne3 Bxf4 0-1

[Event "29th Czech Open A 2018"]
[Site "Pardubice CZE"]
[Date "2018.07.26"]
[Round "7.16"]
[White "Punin, Andrii"]
[Black "Hasangatin, Ramil"]
[Result "1/2-1/2"]
[WhiteTitle "FM"]
[BlackTitle "GM"]
[WhiteElo "2296"]
[BlackElo "2497"]
[WhiteFideId "14112639"]
[BlackFideId "4122160"]
[EventDate "2018.07.20"]

1. Nf3 Nf6 2. c4 c6 3. g3 d5 4. Bg2 g6 5. b3 Bg7 6. Bb2 O-O 7. O-O Bf5 8. h3 Qc8
9. Kh2 dxc4 10. bxc4 c5 11. Nc3 Nc6 12. d3 Rd8 13. Qb3 Be6 14. Na4 b6 15. Rac1
Rb8 16. Qa3 Bd7 17. Nc3 Be8 18. Nd2 Bh6 19. Rcd1 Bg7 20. Nde4 Nxe4 21. Nxe4 Bxb2
22. Qxb2 Nd4 23. e3 Nf5 24. Nc3 Bc6 25. Bxc6 Qxc6 26. Nd5 Qd6 27. a4 h5 28. Kg1
f6 29. Nf4 Kf7 30. Qe2 Qc6 31. Ra1 Ng7 32. Rfe1 g5 33. Nxh5 Rh8 34. Nxg7 Rxh3
35. e4 Kxg7 36. a5 Rbh8 37. Qf3 Qe6 38. e5 f5 39. axb6 g4 40. Qb7 axb6 41. Re3
Qd7 42. Qg2 Qd4 43. Ra7 Kf7 44. Qb7 Rh1+ 45. Qxh1 Rxh1+ 46. Kxh1 b5 47. cxb5 c4
48. e6+ Kf6 49. Ra2 cxd3 50. Rd2 Qd5+ 1/2-1/2

[Event "29th Czech Open A 2018"]
[Site "Pardubice CZE"]
[Date "2018.07.26"]
[Round "7.17"]
[White "Lye, Lik Zang"]
[Black "Gasanov, Eldar"]
[Result "0-1"]
[BlackTitle "GM"]
[WhiteElo "2270"]
[BlackElo "2475"]
[WhiteFideId "5712181"]
[BlackFideId "14104466"]
[EventDate "2018.07.20"]

1. d4 Nf6 2. c4 e6 3. Nf3 Bb4+ 4. Nbd2 O-O 5. a3 Be7 6. e4 d6 7. Qc2 Nfd7 8. Nb1
e5 9. d5 a5 10. Be3 Na6 11. Nc3 Ndc5 12. Bd3 f5 13. exf5 Nxd3+ 14. Qxd3 Bxf5 15.
Ne4 Qe8 16. Nfd2 Qg6 17. Rg1 b6 18. f3 Nc5 19. Bxc5 bxc5 20. O-O-O Rab8 21. g4
Bd7 22. Qc3 a4 23. Kb1 Bg5 24. Ka1 Bxd2 25. Rxd2 Rb3 26. Qa5 Rbxf3 27. Nc3 Rf1+
28. Rd1 Rxd1+ 29. Nxd1 Qd3 30. Qxc7 Bxg4 31. h3 Qd4 32. Nf2 Rxf2 33. Rb1 Bxh3
34. Qxd6 h6 35. Qe7 Bf5 36. Qe8+ Kh7 0-1